El cultivo del plátano en el trópico / (Registro nro. 15366)

Detalles MARC
000 -CABECERA
Longitud fija campo de control 00845nam a2200205 a 4500
003 - • IDENTIFICADOR DELl NÚMERO DE CONTROL
Identificador del número de control CO-ViMGA
008 - • CÓDIGOS DE INFORMACIÓN DE LONGITUD FIJA
Códigos de información de longitud fija 141112s2004 ck r 000 u spa d
040 ## - FUENTE DE LA CATALOGACIÓN
Centro catalogador de origen CO-ViMGA
Lengua de catalogación spa
Centro transcriptor CO-ViMGA
082 04 - • NÚMERO DE LA CLASIFICACIÓN DECIMAL DEWEY
Número de clasificación (R) 634.773 I577c
100 1# - • PUNTO DE ACCESO PRINCIPAL-NOMBRE DE PERSONA
Nombre de persona Instituto Colombiano Agropecuario - ICA
245 10 - • TITULO PROPIAMENTE DICHO
Título El cultivo del plátano en el trópico /
Mención de responsabilidad, etc. Belalcazar Carvajal Sylvio L
300 ## - • DESCRIPCIÓN FÍSICA
Extensión 376 p : il
490 ## - • MENCIÓN DE SERIE
Mención de serie Manual de asistencia tecnica, 50
505 ## - • NOTA DE CONTENIDO CON FORMATO
Nota de contenido con formato Aspectos agroeconómicos La planta y el fruto Ecofisiología del cultivo Establecimiento del cultivo Manejo de plantaciones Control de enfermedades Manejo integrado de plagas Control de nematodos Cosecha y mercadeo Estructura de costos y rentabilidad
650 14 - • PUNTO DE ACCESO ADICIONAL DE MATERIA - TÉRMINO DE MATERIA
Término de materia o nombre geográfico como elemento inicial PLATANO - CULTIVO
650 14 - • PUNTO DE ACCESO ADICIONAL DE MATERIA - TÉRMINO DE MATERIA
Término de materia o nombre geográfico como elemento inicial PLATANO - ENFERMEDADES
942 ## - ENTRADA DE ELEMENTOS AGREGADOS (KOHA)
Fuente de clasificaión o esquema Dewey Decimal Classification
Koha [por defecto] tipo de item LIbro
Existencias
Perdido Fuente de clasificación o esquema Estado Físico No para préstamo Forma de adquisición Localización permanente Localización actual Fecha adquisición Serie de enumeración / cronolog&íacute;a Préstamos totales Signatura completa Código de barras Fecha última consulta Número de copia Fecha del precio de reemplazo Tipo de item de Koha
  Dewey Decimal Classification     Sala Especializada Tercer Piso Biblioteca Pública Germán Arciniegas - Villavicencio Biblioteca Pública Germán Arciniegas - Villavicencio 12/04/2015 Volumen. 1 | 11/jun/2009   634.773 I577c 01155 08/28/2017 Ej. 1 12/04/2015 LIbro









Instituto Departamental de Cultura del Meta - Red Departamental de Bibliotecas Públicas del Meta.